[Event "Carpuela CupT U20 6th"]
[Site "Carpuela"]
[Date "2015.06.04"]
[Round "5.1"]
[White "Ortiz Ortiz, Francisco"]
[Black "Bedon, Kevin"]
[Result "1/2-1/2"]
[WhiteElo "1654"]
[BlackElo "1688"]
[PlyCount "28"]
[EventDate "2015.06.01"]
[EventType "team-swiss"]
[EventRounds "7"]
[EventCountry "ECU"]
[SourceTitle "CBM 166 Extra"]
[Source "ChessBase"]
[SourceDate "2015.06.18"]
[SourceVersion "1"]
[SourceVersionDate "2015.06.18"]
[SourceQuality "1"]
[WhiteTeam "Esmeraldas"]
[BlackTeam "Cotopaxi"]
[WhiteTeamCountry "ECU"]
[BlackTeamCountry "ECU"]

1. d4 Nf6 2. c4 e5 3. dxe5 Ng4 4. Bf4 g5 5. Bg3 Bg7 6. Nf3 Nc6 7. Nc3 Ncxe5 8. e3 d6 9. Nxe5 Nxe5 10. Be2 Be6 11. Rc1 Qd7 12. Qb3 0-0 13. 0-0 Rab8 14. Qb5 Qc8 1/2-1/2

[Event "Pan American-ch U20"]
[Site "Duran"]
[Date "2011.06.07"]
[Round "4"]
[White "Ortiz Ortiz, Francisco"]
[Black "Barros, Raul Junior"]
[Result "0-1"]
[WhiteElo "1699"]
[BlackElo "2111"]
[PlyCount "92"]
[EventDate "2011.06.05"]
[EventType "swiss"]
[EventRounds "9"]
[EventCountry "ECU"]
[SourceTitle "EXT 2022"]
[Source "ChessBase"]
[SourceDate "2021.10.06"]
[SourceVersion "1"]
[SourceVersionDate "2021.10.06"]
[SourceQuality "1"]

1. e4 c5 2. Nc3 e6 3. Bc4 d6 4. f4 Nc6 5. a3 g6 6. Nf3 Bg7 7. d3 Nge7 8. 0-0 0-0 9. Bd2 a6 10. h3 Kh8 11. Qe2 b5 12. Ba2 Rb8 13. Nd1 a5 14. Bc3 Nd4 15. Nxd4 cxd4 16. Bd2 Bd7 17. c3 Nc6 18. Qe1 Qb6 19. c4 b4 20. axb4 Nxb4 21. Bxb4 Qxb4 22. Qxb4 Rxb4 23. Bb1 a4 24. Bc2 f5 25. exf5 gxf5 26. Ra3 Bf6 27. b3 Bc6 28. bxa4 Rg8 29. Rf2 Bh4 30. Rd2 Rb7 31. Ra2 Bg3 32. Kf1 Bxf4 33. Re2 e5 34. a5 Rbg7 35. Bb3 Bg3 36. c5 Rb8 37. Reb2 dxc5 38. Be6 Re8 39. Bc4 e4 40. dxe4 fxe4 41. Rb6 Ba8 42. Rb5 Rg5 43. Rb6 Rf8+ 44. Kg1 Rgf5 45. Ra1 Bd5 46. Bb5 c4 0-1

[Event "Pan American-ch U20"]
[Site "Duran"]
[Date "2011.06.06"]
[Round "2"]
[White "Ortiz Ortiz, Francisco"]
[Black "Blackman, Justin"]
[Result "0-1"]
[WhiteElo "1699"]
[BlackElo "2152"]
[PlyCount "78"]
[EventDate "2011.06.05"]
[EventType "swiss"]
[EventRounds "9"]
[EventCountry "ECU"]
[SourceTitle "EXT 2022"]
[Source "ChessBase"]
[SourceDate "2021.10.06"]
[SourceVersion "1"]
[SourceVersionDate "2021.10.06"]
[SourceQuality "1"]

1. c4 Nf6 2. Nc3 e6 3. g3 c5 4. e3 d5 5. cxd5 Nxd5 6. Bg2 Nb4 7. d4 cxd4 8. exd4 Qxd4 9. Qxd4 Nc2+ 10. Kd1 Nxd4 11. Be3 Nbc6 12. Nge2 Nxe2 13. Kxe2 Bd7 14. Ne4 Ne5 15. a4 Bc6 16. f4 Nc4 17. Rhc1 Nxe3 18. Kxe3 f5 19. Rxc6 bxc6 20. Ng5 Bc5+ 21. Ke2 Rb8 22. Bxc6+ Ke7 23. Rb1 Rb6 24. Bb5 Rd8 25. Nf3 Bb4 26. b3 a6 27. Bd3 Rbd6 28. Rd1 h6 29. h4 Bc3 30. h5 Kf6 31. Ke3 e5 32. fxe5+ Bxe5 33. Nxe5 Kxe5 34. b4 Rd4 35. b5 Rxa4 36. bxa6 Ra3 37. a7 Rxa7 38. Rb1 Ra3 39. Rd1 Kf6 0-1